Normal view
MARC view
- Alphabet.
Entry Topical Term
001 - CONTROL NUMBER
- control field: 24445
003 - CONTROL NUMBER IDENTIFIER
- control field: OSt
005 - DATE AND TIME OF LATEST TRANSACTION
- control field: 20110712131708.0
008 - FIXED-LENGTH DATA ELEMENTS
- fixed length control field: 110712|||a|||||| | ||| d
040 ## - CATALOGING SOURCE
- Original cataloging agency: OSt
- Transcribing agency: OSt
150 ## - HEADING--TOPICAL TERM
- Topical term or geographic name as entry element: Alphabet.
670 ## - SOURCE DATA FOUND
- Source citation: Work cat.: (OSt)0: Rey, H. A. (Hans Augusto), 1898-1977. 24444, Curious George learns the alphabet., 1963.
670 ## - SOURCE DATA FOUND
- Source citation: Work cat.: (OSt)0: Rey, H. A. (Hans Augusto), 1898-1977. 24444, Curious George learns the alphabet., 1963.